| 000 | 02445nam a2200541Ii 4500 | ||
|---|---|---|---|
| 001 | DIGBONART0280 | ||
| 003 | NyNyDIG | ||
| 006 | m o d | ||
| 007 | cr ||||||||||| | ||
| 008 | 220518s2021 mx ob 000 0 spa d | ||
| 035 | _a(OCoLC)1335130601 | ||
| 040 |
_aDGITA _beng _erda _epn _cDGITA |
||
| 020 |
_a9786078781171 _qeBook _qePub _qBonilla Artigas Editores |
||
| 020 |
_a9786073040297 _qeBook _qePub _qUNAM |
||
| 020 |
_z9786078636976 _qBonilla Artigas Editores |
||
| 020 |
_z9786073038492 _qUNAM |
||
| 043 |
_acl----- _ae-sp--- |
||
| 050 | 1 | 4 | _aBP570 ebook |
| 100 | 1 |
_aChaves, José Ricardo, _d1958- _eauthor, _eeditor. |
|
| 245 | 1 | 0 |
_aIsis modernista : _bescritos panhispánicos sobre teosofía, espiritismo y el primer Krishnamurti (1890-1930) / _cJosé Ricardo Chaves. |
| 250 | _aEdición digital. | ||
| 264 | 1 |
_aCiudad de México : _bBonilla Artigas Editores : _bUniversidad Nacional Autónoma de México, Instituto de Investigaciones Filológicas, _c[2021] |
|
| 300 | _a1 online resource. | ||
| 336 |
_atext _btxt _2rdacontent |
||
| 337 |
_acomputer _bc _2rdamedia |
||
| 338 |
_aonline resource _bcr _2rdacarrier |
||
| 347 |
_atext file _2rdaft |
||
| 347 | _bEPUB | ||
| 490 | 1 |
_aPùblicaensayo ; _v18 |
|
| 504 | _aIncludes bibliographical references. | ||
| 588 | 0 | _aOnline resource; title from ePub title page (Digitalia, viewed May 18, 2022) | |
| 600 | 1 | 0 |
_aKrishnamurti, J. _q(Jiddu), _d1895-1986 _vLiterary collections. |
| 650 | 0 |
_aOccultism _zLatin America _vLiterary collections. |
|
| 650 | 0 |
_aOccultism _zSpain _vLiterary collections. |
|
| 650 | 0 |
_aSpiritualism _zLatin America _vLiterary collections. |
|
| 650 | 0 |
_aSpiritualism _zSpain _vLiterary collections. |
|
| 650 | 0 |
_aTheosophy _zLatin America _vLiterary collections. |
|
| 650 | 0 |
_aTheosophy _zSpain _vLiterary collections. |
|
| 650 | 0 | _aOccultism in literature. | |
| 655 | 0 | _aElectronic books. | |
| 791 | 2 |
_aDigitalia (Firm), _edistributor. |
|
| 793 | 0 |
_gDigitalia eBook Collection: _aBonilla Artigas Editores |
|
| 776 | 0 | 8 |
_iPrint version: _aChaves, José Ricardo, 1958- _tIsis modernista. _bPrimera edición impresa. _dCiudad de México : Bonilla Artigas Editores : Universidad Nacional Autónoma de México, Instituto de Investigaciones Filológicas[2020] _z9786078636976 |
| 830 | 0 |
_aPública ensayo ; _v18. |
|
| 856 | 4 | 0 |
_3Digitalia Hispánica _uhttps://www.digitaliapublishing.com/a/111156/ |
| 910 | _aPremium collection: 2022 | ||
| 942 | _cRAA | ||
| 999 |
_c272946 _d272946 |
||